ASME boiler and pressure vessel code. Case interpretations /

Guardado en:
Autor Corporativo: American Society of Mechanical Engineers.
Formato: Libro
Idioma:English
Publicado: New York : American Society of Mechanical Engineers, 1965-
Materias:
Etiquetas: Agregar Etiqueta
Sin Etiquetas, Sea el primero en etiquetar este registro!
LEADER 01256nam a22002895a 4500
001 EIQ.libpla001990
008 070321s1965####nyua##########000#0#eng#d
005 20070321193242.0
245 1 0 |a ASME boiler and pressure vessel code.  |p Case interpretations /  |c American Society of Mechanical Engineers. 
246 3 7 |a Interpretations of the ASME boiler and pressure vessel code 
246 3 7 |a Boiler and pressure vessel.  |p Code case interpretations 
260 |a New York :  |b American Society of Mechanical Engineers,  |c 1965- 
300 |a v. (hojas sustituibles) :  |b il. ;  |c 20 cm. 
500 |a Cesó su publicación con la edición de 1971. 
500 |a Descripción basada en 1965. 
500 |a Incluye actualizaciones hasta 1967. 
650 4 |a Calderas de vapor  |x Estándares. 
650 4 |a Recipientes de presión  |x Estándares. 
650 4 |a Recipientes de presión  |x Estudio de casos. 
650 4 |a Calderas de vapor  |x Estudio de casos. 
650 4 |a Steam-boilers  |x Standards. 
650 4 |a Steam-boilers  |x Case studies. 
650 4 |a Pressure vessels  |x Case studies. 
650 4 |a Pressure vessels  |x Standards. 
040 |a AR-BbSID  |b spa  |c AR-BbSID 
110 2 |a American Society of Mechanical Engineers. 
859 |a AR-BbSID  |b BIB. PLAPIQUI  |h 621.184  |i Am 35  |k R  |p 3260